LEADER 01510nam a2200313 i 4500 001 000000153399 003 CaOOAMICUS 005 20060921000000.0 008 060921s2006 fr u000 u fre u 013 $a130741 020 $a2-204-07381-3 040 $aSeMil$bita 100 1 $aSchlosser, Jacques.$0(OLS)http://semarc/name/7457 245 10$aÀ la recherche de la Parole :$bétudes d'exégèse et de théologie biblique /$cJacques Schlosser. 260 $aParis :$bLes Éditions du Cerf,$c2006. 300 $a606 p. ;$c22 cm. 490 0 $aLectio Divin [Cerf] ;$v207. 500 $aIn mezzo al front. : Ouvrage publié avec le concours de l'Université Marc-Bloch de Strasbourg. 650 4$aBibbia - Commentari, studi, critica, interpretazioni.$0(OLS)http://semarc/subject/783 650 4$aTeologia biblica - Studi.$0(OLS)http://semarc/subject/1296 650 4$aEsegesi biblica.$0(OLS)http://semarc/subject/1980 700 1 $aUniversité Marc Bloch .$0(OLS)http://semarc/name/44472 830 0$aLectio divina ;$v207.$0(OLS)http://semarc/title/8 850 $aSeMil 852 $aSeMil$W1$xVenegono$y1$m2WA K 207$j105340$B105340$CSeMilBibl$Z2$F114563 $81 961 $aSottoscrizione: SODIS 996 $6020$a2-204-07381-3$9(OLS)http://semarc/number/143217 996 $6245$aÀ la recherche de la Parole :$bétudes d'exégèse et de théologie biblique$9(OLS)http://semarc/title/224431 996 $6260$aParis :$bLes Éditions du Cerf$9(OLS)http://semarc/publisher/29611 LEADER 00881nas a2200229 i 4500 001 000000139418 003 CaOOAMICUS 005 20100225000000.0 008 050523b2000 it uu u0 0mul r 013 $a113451 020 $a88-7653-612-4 040 $aSeMil$bita 245 10$aElenchus of Biblica 1996 /$cRobert Althann. 260 $aRoma :$bPontificio Istituto Biblico,$c2000. 300 $a690 p. ;$c24 cm. 700 1 $aAlthann, Robert,$c.$0(OLS)http://semarc/name/7157 850 $aSeMil 852 $aSeMil$W1$xVenegono$y1$m6 6 12$j92827$B92827$CSeMilBibl$Z2$F98071 $85 961 $aAbbonamento: Pontificio Istituto Biblico 996 $6020$a88-7653-612-4$9(OLS)http://semarc/number/127447 996 $6245$aElenchus of Biblica 1996$9(OLS)http://semarc/title/203708 996 $6260$aRoma :$bPontificio Istituto Biblico$9(OLS)http://semarc/publisher/30489